La vida de Lazarillo de Tormes y de sus fortunas y adversidades
Guardat en:
| Autor principal: | |
|---|---|
| Format: | Llibre |
| Idioma: | Spanish |
| Publicat: |
Buenos Aires, Argentina
Editorial Kapelusz
1967
|
| Matèries: | |
| Etiquetes: |
Afegir etiqueta
Sense etiquetes, Sigues el primer a etiquetar aquest registre!
|
MARC
| LEADER | 00000nam a2200000Ia 4500 | ||
|---|---|---|---|
| 008 | 170316s9999 xx 000 0 spa d | ||
| 999 | |c 9430 |d 9430 | ||
| 040 | |a cru BVZT | ||
| 090 | |a 862 A-28v | ||
| 100 | |a Anónimo | ||
| 245 | |a La vida de Lazarillo de Tormes y de sus fortunas y adversidades | ||
| 260 | |a Buenos Aires, Argentina | ||
| 260 | |b Editorial Kapelusz | ||
| 260 | |c 1967 | ||
| 300 | |a 136 páginas | ||
| 650 | |a LITERATURA ESPAÑOLA |9 23 | ||
| 650 | |a NOVELA PICARESCA | ||
| 942 | |c 4 D |h 862 A-28v |2 z | ||
